000 00239nam a2200097Ia 4500
005 20250424112908.0
008 250424s9999 xx 000 0 und d
300 _axxii, 318 p. ; 22 cm.
650 _aLaw--Nigeria--Periodicals.
942 _cSR
999 _c37746
_d37746